00350nam a2200145Ia 4500008004100000041000800041082001900049100002500068245004700093260002000140300001700160365001100177650000800188650000800196210719s2010 xx 000 0 und d akan a343.0998K VEDM aVEDAMURTI (Ke Si) Ed aMahiti hakku: mahiti hakku adhiniyama 2005 aBengaluruc2010 aviii,136bPB b70cRs aLaw aLaw